000 02223njm a2200421Ia 4500
001 83476
003 IT-RoPAU
005 20220918181122.0
008 131025s9999 xx 000 0 und d
040 _aIT-RoPAU
040 _cIT-RoPAU
999 _c99845
_d99845
999 _bn.d.
100 _aAA.VV.
_9794
100 _eAutore musica
_926264
100 _gCodice autore musica SPICS: 12000
_9796
245 2 _aA Horse Called Music
250 _a1a ed.
260 _aHOLLAND
260 _bCBS
_c1989 [1a Ed.:1989 - Ed. Lingua Orig.: 1989]
300 _aDISCO
300 _c39 minuti (Testo: 0 pag.)
500 _aMusica strumentale
505 _aNothing I Can Do About It Now (4:00) - The Highway (4:00) - I Never Cared For You (3:00) - If I Were A Painting (4:00) - Spirit (5:00) - There You Are (4:00) - Mr. Record Man (3:00) - If My World Didn't Have You (4:00) - A Horse Called Music (5:00) - Is the Better Part Over (4:00)
650 _aSTRUMENTALE [DISCHI]
_eCodice MATERIA SPICS: 9950
_9828
700 _aNelson Willie
_gCodice interprete SPICS: 28598
_eInterprete
_926265
700 _aChapman B.N.
_gCodice autore musica SPICS: 29328
_eAutore musica
_pNothing I Can Do About It Now - If My World Didn't Have You
_926266
700 _aConners T.
_gCodice autore musica SPICS: 29329
_eAutore musica
_pThe Highway
_926267
700 _aWesley R.
_gCodice autore SPICS: 29330
_eAutore
_pThe Highway
_926268
700 _aNelson Willie
_gCodice autore musica SPICS: 28598
_eAutore musica
_pI Never Cared For You - Mr. Record Man - Is the Better Part Over
_926269
700 _aSampson D.
_gCodice autore musica SPICS: 29331
_eAutore musica
_pIf I Were A Painting
_926270
700 _aEwing S.
_gCodice autore SPICS: 29332
_eAutore
_pIf I Were A Painting
_926271
700 _aRobbins R.M.
_gCodice autore musica SPICS: 29333
_eAutore musica
_pSpirit
_926272
700 _aRobinson W.
_gCodice autore SPICS: 29334
_eAutore
_pSpirit
_926273
700 _aReid M.
_gCodice autore musica SPICS: 29335
_eAutore musica
_pThere You Are
_926274
700 _aFleming K.
_gCodice autore SPICS: 29336
_eAutore
_pThere You Are
_926275
700 _aCarson W.
_gCodice autore musica SPICS: 29337
_eAutore musica
_pA Horse Called Music
_926276
942 _cMD
_2ddc